000 00909nam a22002535i 4500
001 12397
003 ES-MaACL
005 20250722125356.0
007 t|
008 000000s1989 sp ||||0| j
020 _a84-87137-06-7
040 _aM-BN
_bspa
_cM-BN
080 _a860-31"19"
100 1 _aTorre, Claudio de la.
_9110731
245 1 0 _aEn la vida del señor Alegre /
_cClaudio de la Torre ; [edición de Jorge Rodríguez Padrón].
260 _a[Santa Cruz de Tenerife] :
_bViceconsejería de Cultura y Deportes, Gobierno de Canarias,
_c1989.
300 _a212 p ;
_c21 cm.
490 1 _aBiblioteca básica canaria ;
_v26
700 0 _aRodríguez Padrón, Jorge,
_d1943-
_998716
710 1 _aCanarias.
_bViceconsejería de Cultura y Deportes.
_92427
830 0 _aBiblioteca básica canaria ;
_v26
_9177611
852 _aES-MaACL
_jL-19770
_bR.122344
999 _c12397
_d12397